000 01725nam a2200337Ia 4500
001 dia_1858
003 CHAP
005 20251023154121.0
008 220117s1977 xx 000 0 und d
010 _a172395
040 _cCHAP
082 _a630.717 E53 1977
111 _aEncuentro Nacional sobre Vinculación de la Educación con la Comunidad Rural (1977 may. 18-20 : Chapingo, México)
_9151719
245 _aMemorias : los trabajos de campo en la educación agrícola superior /
_c Encuentro Nacional sobre Vinculación de la Educación con la Comunidad Rural ; organizado por el Departamento de Asistencia Agrícola y Agraria, E. N. A., la Asociación Mexicana de Enseñanza Agrícola Superior y el Instituto Interamericano de Ciencias Agrícolas del 18 al 20 de mayo de 1977 en Chapingo, México
260 _aMéxico :
_b ENA :,
_b IICA :,
_b AMEAS,
_c1977
300 _a198 p.
503 _aD.
590 _aS544 E53 1977
650 _aAgricultura
_xEstudio y enseñanza
_xMéxico
_9149129
650 0 _aAgricultural education
_zMexico
_9150107
650 _aAgriculture
_xStudy and teaching
_xMexico
_9151720
650 _aComunidades rurales
_926254
650 _aEducación agrícola
_935491
650 _aRural communities
_9151721
710 _aEscuela Nacional de Agricultura (México) \ Asociación Mexicana de Enseñanza Agrícola Superior \ Instituto Interamericano de Ciencias Agrícolas
_9151722
711 _aEncuentro Nacional sobre Vinculación de la Educación con la Comunidad Rural (1977 may. 18-20 : Chapingo, México)
_9151719
901 _a630.717 E53 1977
902 _aM
905 _a5232271977 mx n 8223323322spa16
942 _cLIBRO
_2ddc
999 _c172395
_d172395